[Event "CHI-ch U20"]
[Site "Quirihue"]
[Date "2022.01.18"]
[Round "2"]
[White "Alvarado Munoz, Sebastian"]
[Black "Gonzalez Gonzalez, Joaquin Patricio"]
[Result "1-0"]
[WhiteElo "1941"]
[BlackElo "1580"]
[PlyCount "73"]
[EventDate "2022.01.17"]
[EventType "swiss"]
[EventRounds "9"]
[EventCountry "CHI"]
[SourceTitle "CBM 206 Extra"]
[Source "ChessBase"]
[SourceDate "2022.03.31"]
[SourceVersion "1"]
[SourceVersionDate "2022.03.31"]
[SourceQuality "1"]

1. e4 e6 2. d4 d5 3. Nc3 Nf6 4. e5 Nfd7 5. f4 a6 6. Nf3 c5 7. Ne2 Nc6 8. c3 cxd4 9. cxd4 Bb4+ 10. Kf2 f6 11. a3 Ba5 12. b4 Bb6 13. Be3 0-0 14. h4 fxe5 15. fxe5 Bc7 16. Bg5 Qe8 17. Rc1 Bb6 18. Kg3 Qf7 19. Bf4 Qf5 20. Kh2 Qg4 21. Bg3 Bd8 22. Qd3 Nb6 23. Kg1 h6 24. Bf2 Nc4 25. Rh3 Ne7 26. Rg3 Qf5 27. Qb3 Nd2 28. Qe3 Ne4 29. Rh3 Nxf2 30. Qxf2 Ng6 31. Ng3 Qf4 32. Rc2 Nxh4 33. Nh5 Qg4 34. Rxh4 Bxh4 35. Qxh4 Qg6 36. Rc7 Rf7 37. Bd3 1-0